Oceanian Actresses by Picture - Statistics

General Stats
  • This quiz has been taken 30 times
  • The average score is 5 of 16
Answer Stats
Picture Answer % Correct
Nicole Kidman
93%
Margot Robbie
89%
Cate Blanchett
82%
Isla Fisher
61%
Lucy Lawless
36%
Rose Byrne
36%
Toni Collette
36%
Anna Paquin
21%
Samara Weaving
18%
Elizabeth Debicki
14%
Abbie Cornish
11%
Melanie Lynskey
11%
Thomasin McKenzie
4%
Yvonne Strahovski
4%
Angourie Rice
0%
Emily Browning
0%
No matching quizzes found
Score Distribution
Percent of People with Each Score
Percentile by Number Answered
Your Score History
You have not taken this quiz